000 00433 a2200157 4500
020 _a9780736919036
020 _a0736919031
050 _aBS511.3
_b.R48 2007
100 _aRhodes, Ron.
_91335
245 _aWhat does the bible say about /
_cRon Rhodes.
260 _aEugene, Oregon :
_bHarvest House Publishers,
_cc2007.
300 _a395 p. ;
_c21 cm.
500 _aNotes
504 _aBibliography : p. 384-395.
942 _2lcc
_cBK
_n0
999 _c629
_d629